Una cena elegante / (Registro nro. 3310)

Detalles MARC
000 -LEADER
fixed length control field 00742nam a2200217Ia 4500
003 - CONTROL NUMBER IDENTIFIER
control field OSt
005 - DATE AND TIME OF LATEST TRANSACTION
control field 20200424120348.0
008 - FIXED-LENGTH DATA ELEMENTS--GENERAL INFORMATION
fixed length control field 191128t2008 ck a br 000 j spa d
040 ## - CATALOGING SOURCE
Original cataloging agency CO-JMCR
Transcribing agency CO-JMCR
041 0# - LANGUAGE CODE
Language code of text/sound track or separate title spa
082 04 - DEWEY DECIMAL CLASSIFICATION NUMBER
Classification number C /
Item number KASu
100 1# - MAIN ENTRY--PERSONAL NAME
Personal name Kasza, Keiko,
Relator term autor
9 (RLIN) 3534
245 10 - TITLE STATEMENT
Title Una cena elegante /
Statement of responsibility, etc. Keiko Kasza
260 ## - PUBLICATION, DISTRIBUTION, ETC.
Place of publication, distribution, etc. Bogotá :
Name of publisher, distributor, etc. Norma,
Date of publication, distribution, etc. ©2008
300 ## - PHYSICAL DESCRIPTION
Extent [30] páginas sin numerar :
Other physical details ilustraciones a color ;
Dimensions 28 cm.
490 0# - SERIES STATEMENT
Series statement Buenas noches
500 ## - GENERAL NOTE
General note Recomendado para niños mayores de 2 años.
520 ## - SUMMARY, ETC.
Summary, etc. Tejón mira las manzanas, las raíces y los gusanos almacenador en su guarida, pero se muere por una cena más sofisticada.
650 ## - SUBJECT ADDED ENTRY--TOPICAL TERM
Topical term or geographic name entry element Cuentos infantiles
9 (RLIN) 3537
942 ## - ADDED ENTRY ELEMENTS (KOHA)
Source of classification or shelving scheme Dewey Decimal Classification
Koha item type Books
Existencias
Withdrawn status Lost status Source of classification or shelving scheme Damaged status Not for loan Collection code Home library Current library Date acquired Source of acquisition Total Checkouts Total Renewals Full call number Barcode Date last seen Date last checked out Copy number Koha item type
    Dewey Decimal Classification     Fiction Biblioteca Pública José María del Castillo y Rada Biblioteca Pública José María del Castillo y Rada 11/28/2019 Donación 8 2 C / KASu 201507050 03/06/2026 03/06/2026 Ej.1 Books